73rd Annual session Proceeding 2014-2015 (Record no. 554149)

000 -LEADER
fixed length control field 00352nam a22001217a 4500
082 ## - DEWEY DECIMAL CLASSIFICATION NUMBER
Classification number 628.1
Author Mark PRO
100 ## - MAIN ENTRY--PERSONAL NAME
Personal name Pakistan Engineering Congress
9 (RLIN) 51471
245 ## - TITLE STATEMENT
Title 73rd Annual session Proceeding 2014-2015
260 ## - PUBLICATION, DISTRIBUTION, ETC.
Place of publication, distribution, etc. Lahore,
Name of publisher, distributor, etc. Pakistan Engineering Congress,
Date of publication, distribution, etc. 2015.
300 ## - PHYSICAL DESCRIPTION
Extent 483p.
526 ## - STUDY PROGRAM INFORMATION NOTE
Program name 0
Interest level 0
Reading level 0
Title point value 628_100000000000000_PRO
942 ## - ADDED ENTRY ELEMENTS (KOHA)
Source of classification or shelving scheme
Koha item type Book
Holdings
Withdrawn status Lost status Source of classification or shelving scheme Damaged status Not for loan Permanent Location Current Location Date acquired Total Checkouts Full call number Barcode Date last seen Price effective from Koha item type
          Military College of Engineering (MCE) Military College of Engineering (MCE) 10/11/2018   628.1 PRO MCE-50682 10/11/2018 10/11/2018 Book
© 2023 Central Library, National University of Sciences and Technology. All Rights Reserved.